000 00415pab a2200157 454500
008 180718b1984 xxu||||| |||| 00| 0 eng d
100 _aVelayudham, T.K.
245 _aState - level money stock measures
_bAn estimate
260 _c1984
300 _a133-44
362 _a21 Jan.
650 _aFederal - State Relations - India
700 _aMenon, K.A.
773 _aEconomic and Political Weekly
909 _a8405
999 _c8405
_d8405